|
|
|
|
| LEADER |
02758nam a2200505 4500 |
| 001 |
978-3-319-74844-3 |
| 003 |
DE-He213 |
| 005 |
20191023181610.0 |
| 007 |
cr nn 008mamaa |
| 008 |
180410s2018 gw | s |||| 0|eng d |
| 020 |
|
|
|a 9783319748443
|9 978-3-319-74844-3
|
| 024 |
7 |
|
|a 10.1007/978-3-319-74844-3
|2 doi
|
| 040 |
|
|
|d GrThAP
|
| 050 |
|
4 |
|a GN301-674
|
| 072 |
|
7 |
|a JHMC
|2 bicssc
|
| 072 |
|
7 |
|a SOC002000
|2 bisacsh
|
| 072 |
|
7 |
|a JHMC
|2 thema
|
| 082 |
0 |
4 |
|a 305.8
|2 23
|
| 100 |
1 |
|
|a Carter, Thomas F.
|e author.
|4 aut
|4 http://id.loc.gov/vocabulary/relators/aut
|
| 245 |
1 |
0 |
|a On Running and Becoming Human
|h [electronic resource] :
|b An Anthropological Perspective /
|c by Thomas F. Carter.
|
| 250 |
|
|
|a 1st ed. 2018.
|
| 264 |
|
1 |
|a Cham :
|b Springer International Publishing :
|b Imprint: Palgrave Pivot,
|c 2018.
|
| 300 |
|
|
|a IX, 91 p. 22 illus.
|b online resource.
|
| 336 |
|
|
|a text
|b txt
|2 rdacontent
|
| 337 |
|
|
|a computer
|b c
|2 rdamedia
|
| 338 |
|
|
|a online resource
|b cr
|2 rdacarrier
|
| 347 |
|
|
|a text file
|b PDF
|2 rda
|
| 505 |
0 |
|
|a 1. First Steps -- 2. A Runner's Mind -- 3. A Runner's Environs -- 4. A Runner's Body.
|
| 520 |
|
|
|a How does the simple act of running make us human? As a form of enskilled movement that shapes how we perceive our surroundings, running enacts a mindful bodily engagement with the world, an engagement that generates our very minds through perceptual learning. Thomas F. Carter examines the interrelated aspects of a runner's being-mind, body, and environs-to illustrate that the skillful act of locomotion is one of principle ways that we as human beings become integral parts of the larger world. Synthesizing recent developments in neuroscience, anthropology, and philosophy of mind, On Running proves there is more to running than merely clocking up the miles.
|
| 650 |
|
0 |
|a Ethnography.
|
| 650 |
|
0 |
|a Ethnology.
|
| 650 |
|
0 |
|a Physical anthropology.
|
| 650 |
|
0 |
|a Sports-Sociological aspects.
|
| 650 |
1 |
4 |
|a Ethnography.
|0 http://scigraph.springernature.com/things/product-market-codes/X12060
|
| 650 |
2 |
4 |
|a Social Anthropology.
|0 http://scigraph.springernature.com/things/product-market-codes/X12030
|
| 650 |
2 |
4 |
|a Biological and Physical Anthropology.
|0 http://scigraph.springernature.com/things/product-market-codes/X12010
|
| 650 |
2 |
4 |
|a Sociology of Sport and Leisure.
|0 http://scigraph.springernature.com/things/product-market-codes/X22220
|
| 710 |
2 |
|
|a SpringerLink (Online service)
|
| 773 |
0 |
|
|t Springer eBooks
|
| 776 |
0 |
8 |
|i Printed edition:
|z 9783319748436
|
| 776 |
0 |
8 |
|i Printed edition:
|z 9783319748450
|
| 776 |
0 |
8 |
|i Printed edition:
|z 9783030090890
|
| 856 |
4 |
0 |
|u https://doi.org/10.1007/978-3-319-74844-3
|z Full Text via HEAL-Link
|
| 912 |
|
|
|a ZDB-2-SLS
|
| 950 |
|
|
|a Social Sciences (Springer-41176)
|